Noticiario arqueologico hispanico. vol.26 /
Guardado en:
| Autor Principal: | |
|---|---|
| Formato: | Libro |
| Publicado: |
Madrid :
S.n.,
1985
|
| Materias: | |
| Etiquetas: |
Agregar Etiqueta
Sin Etiquetas, Sea el primero en etiquetar este registro!
|
| LEADER | 00655nam a22001695a 4500 | ||
|---|---|---|---|
| 001 | EHU.bham021213 | ||
| 003 | AR-BHAM | ||
| 005 | 20101216144207.0 | ||
| 008 | 130507s1985##################000#0#####d | ||
| 082 | 9 | 3 | |a 930 |
| 100 | 1 | |a Madrid. Ministerio De Cultura. Direccion General De Bellas Artes Y Archivos | |
| 245 | 1 | 0 | |a Noticiario arqueologico hispanico. vol.26 / |c Direccion General De Bellas Artes Y Archivos |
| 260 | |a Madrid : |b S.n., |c 1985 | ||
| 500 | |a La Biblioteca posee: Vol.21, Vol.25 y Vol.26 | ||
| 653 | |a Historia antigua | ||
| 653 | |a Libro de escasa demanda | ||
| 859 | |a AR-BHAM |b BIB. HUMANIDADES - Lectura de escasa demanda |h 930 |i M664 |p 50.95 |t Ej.1 |v LED1508 26 |3 26 | ||
